LEADER 01499nam a2200337 a 4500 001 000000133602 003 CaOOAMICUS 005 20130422121310.0 008 130422s1994 it u000 u ita r 020 $z88-08-143-105* 040 $aPUL$bita 082 04$a342.45 245 03$aIl Consiglio dei Ministri :$bart. 92-96 /$cGiovanni Pitruzzella ... [et al.]. 260 $aBologna :$bZanichelli,$c1994$aRoma :$bSoc. Ed. del Foro Italiano 300 $aXXVII, 527 p. ;$c25 cm 490 1 $aCommentario della Costituzione 500 $aInclude indice. 504 $aBibliografia p. IX-XXVII. 610 24$aConsiglio dei Ministri.$0(OLS)http://pul/subject/39539 650 4$aGoverno rappresentativo e rappresentanza.$0(OLS)http://pul/subject/12705 700 1 $aPitruzzella, Giovanni.$0(OLS)http://pul/name/70563 830 0$aCommentario della Costituzione (Zanichelli).$0(OLS)http://pul/title/168871 850 $aPUL 852 $aPUL$W1$xSL Diritto e Scienze Sociali 3$y79$m342. 45 BRAGI 1.21$j153559$qDDC 21$B153126$CPULBib$Z2$F153126 $H122238 $82 941 1 $a9 996 $6020$z88-08-143-105*$9(OLS)http://pul/number/152468 996 $6082$a342.45$9(OLS)http://pul/classification/377 996 $6245$aIl Consiglio dei Ministri :$bart. 92-96$9(OLS)http://pul/title/168872 996 $6260$aBologna :$bZanichelli$9(OLS)http://pul/publisher/48255 996 $6260$aRoma :$bSoc. Ed. del Foro Italiano$9(OLS)http://pul/publisher/64651 LEADER 01153nam a2200265 a 4500 001 000000153752 003 CaOOAMICUS 005 20160912103638.0 008 160912s1999 vc u000 u ita r 020 $a88-209-2706-3* 032 $aLibriCat 040 $aPUL$bita 110 2 $aPontificio Consiglio per la famiglia.$0(OLS)http://pul/name/21287 245 10$aDiritti dell'uomo: famiglia e politica / $cPontificio Consiglio per la famiglia. 260 $aCittą del Vaticano :$bLibreria editrice vaticana,$c©1999. 300 $a325 p. ;$c21 cm. 650 4$aFamiglia$xAspetti socio-culturali$ySec. XX-XXI.$0(OLS)http://pul/subject/38756 850 $aPUL 852 $aPUL$W1$xDP1 Fondo G. Barberini$y122$m4 B 29$j163240$qFondi$B179702$CPULBib$Z2$F179702 $HBar1207 $81 910 $aPontificium Consilium pro familia$921287 941 1 $a1 996 $6020$a88-209-2706-3*$9(OLS)http://pul/number/160993 996 $6245$aDiritti dell'uomo: famiglia e politica / $9(OLS)http://pul/title/193273 996 $6260$aCittą del Vaticano :$bLibreria editrice vaticana$9(OLS)http://pul/publisher/47920